000 00326nam a2200133Ia 4500
005 20260326235446.0
008 260326s9999||||xx |||||||||||||| ||und||
100 _aApolo, Juan Carlos
245 0 _aTalleres :
_b Trazos y seƱas /
_cJuan Carlos Apolo
260 _bDEAPA
300 _a198 p.
650 _aURBANISMO
942 _cBK
999 _c7599
_d7599